Statistics for Great Lakes States and Provinces With an Empty Map

Click here to take the quiz!

General Stats

  • This quiz has been taken 333 times
  • The average score is 9 of 9

Answer Stats

States/Provinces % Correct
Michigan
99%
New York
98%
Ohio
97%
Pennsylvania
95%
Ontario
95%
Indiana
95%
Illinois
95%
Wisconsin
94%
Minnesota
91%

Score Distribution

Percentile by Number Answered

Percent of People with Each Score

Your Score History

You have not taken this quiz